000 00397nam a2200157Ia 4500
005 20250423095520.0
008 250422s9999 xx 000 0 und d
020 _a1- 86064- 810- X
050 _aJZ 5538 .I44/
100 _aDaisaku Ikeda
245 0 _aGlobal civilization: a buddhist- islamic dialogue
260 _bBritish academic press
260 _c2000
300 _a197 p
942 _cBK
999 _c30507
_d30507